000 01119nam a2200265Ia 4500
008 130821s1998 sp gr spa
020 _a8481642150
040 _aCo-BoUCM
_bspa
041 0 0 _aspa
100 1 _aMatteucci, Nicola
_9164675
245 1 0 _aOrganización del poder y libertad historia del constitucionalismo moderno
_cNicola Matteucci ; traducción de Francisco Javier Ansuátegui Roig y Manuel Martínez Neira
260 _aMadrid (España)
_bEditorial Trotta
_c1998
300 _a318 páginas
490 0 _aColección Estructuras y Procesos.
_aDerecho
504 _aIncluye bibliografía e índices onomástico y general.
650 0 4 _aDerecho constitucional
_912725
650 0 4 _aHistoria constitucional
_916928
650 0 4 _aSistemas de gobierno
_924619
650 0 4 _aTeoría del estado
_925310
700 1 _aAnsuátegui Roig, Francisco Javier
_etrad.
_9126986
700 1 _aMartinez Neira, Manuel
_etrad.
_9130618
765 _tOrganizzazione del potere e libertà storia del costituzionalismo moderno
942 _cLIBRO
_a8
_e1
_mM435o
_2DEWEY
_h342.09
999 _c58473
_d58473